Problems of nonlinear deformation : (Record no. 544289)

000 -LEADER
fixed length control field 00835pam a2200205 a 4500
020 ## - INTERNATIONAL STANDARD BOOK NUMBER
International Standard Book Number 0792309472 (alk. paper)
082 00 - DEWEY DECIMAL CLASSIFICATION NUMBER
Classification number 531.38
Author Mark GRI
-- L-5, P-76
100 1# - MAIN ENTRY--PERSONAL NAME
Personal name Grigoli︠u︡k, Ėduard Ivanovich.
9 (RLIN) 39880
245 10 - TITLE STATEMENT
Title Problems of nonlinear deformation :
Remainder of title the continuation method applied to nonlinear problems in solid mechanics /
Statement of responsibility, etc. E.I. Grigolyuk and V.I. Shalashilin.
260 ## - PUBLICATION, DISTRIBUTION, ETC.
Place of publication, distribution, etc. Dordrecht :
-- Boston :
Name of publisher, distributor, etc. Kluwer Academic Publishers,
Date of publication, distribution, etc. c1991.
300 ## - PHYSICAL DESCRIPTION
Extent viii, 262 p. :
Other physical details ill. ;
Dimensions 25 cm.
500 ## - GENERAL NOTE
General note Translation of: Problemy nelineĭnogo deformirovanii︠a︡.
526 ## - STUDY PROGRAM INFORMATION NOTE
Program name 0
Interest level 0
Reading level 0
Title point value 531_380000000000000_GRI
650 #0 - SUBJECT ADDED ENTRY--TOPICAL TERM
Topical term or geographic name entry element Continuation methods.
9 (RLIN) 39881
650 #0 - SUBJECT ADDED ENTRY--TOPICAL TERM
Topical term or geographic name entry element Deformations (Mechanics)
9 (RLIN) 19042
650 #0 - SUBJECT ADDED ENTRY--TOPICAL TERM
Topical term or geographic name entry element MCE
9 (RLIN) 379
650 #0 - SUBJECT ADDED ENTRY--TOPICAL TERM
Topical term or geographic name entry element Nonlinear theories.
9 (RLIN) 655
700 1# - ADDED ENTRY--PERSONAL NAME
Personal name Shalashilin, V. I.
9 (RLIN) 39882
942 ## - ADDED ENTRY ELEMENTS (KOHA)
Source of classification or shelving scheme
Koha item type Book
Holdings
Withdrawn status Lost status Source of classification or shelving scheme Damaged status Not for loan Permanent Location Current Location Date acquired Total Checkouts Full call number Barcode Date last seen Price effective from Koha item type
          Military College of Engineering (MCE) Military College of Engineering (MCE) 04/16/2014   531.38 GRI MCE-28681 04/16/2014 03/14/2021 Book
© 2023 Central Library, National University of Sciences and Technology. All Rights Reserved.